| Tag |
First Indicator |
Second Indicator |
Subfields |
| LEADER |
00000cam a2200000 4500 |
| 001 |
in00000032760 |
| 005 |
20151007063212.0 |
| 008 |
780829s1906 nyucf 00010 eng |
| 010 |
|
|
|a 06009259
|
| 035 |
|
|
|a (OCoLC)04176479
|
| 035 |
|
|
|9 AAD6803AM
|
| 040 |
|
|
|a DLC
|c KSU
|d OCL
|d TXA
|d UtOrBLW
|
| 049 |
|
|
|a TXAM
|c [45087]
|
| 050 |
|
0 |
|a PR2968
|b .W3
|
| 092 |
|
|
|a 822.33
|b DW279
|
| 100 |
1 |
|
|a Warner, Beverley E.
|q (Beverley Ellison),
|d 1855-1910.
|
| 245 |
1 |
0 |
|a Famous introductions to Shakespeare's plays by the notable editors of the eighteenth century /
|c ed. with a critical introduction, biographical and explanatory notes, by Beverley Warner.
|
| 264 |
|
1 |
|a New York :
|b Dodd, Mead and company,
|c 1906.
|
| 300 |
|
|
|a xxxiv, 268 pages :
|b plate, 9 portrait (including frontispiece) ;
|c 22 cm.
|
| 336 |
|
|
|a text
|b txt
|2 rdacontent
|
| 337 |
|
|
|a unmediated
|b n
|2 rdamedia
|
| 338 |
|
|
|a volume
|b nc
|2 rdacarrier
|
| 505 |
0 |
|
|a Introductory essay.--John Heminge and Henrie Condell.--Nicholas Rowe.--Alexander Pope.--Lewis Theobald.--Sir Thomas Hanmer.--William Warburton.--Samuel Johnson.--George Steevens.--Edward Capell.--Isaac Reed.--Edmund Malone.
|
| 600 |
1 |
0 |
|a Shakespeare, William,
|d 1564-1616
|x Appreciation.
|
| 600 |
1 |
0 |
|a Shakespeare, William,
|d 1564-1616
|x Criticism and interpretation.
|
| 600 |
1 |
0 |
|a Shakespeare, William,
|d 1564-1616.
|
| 999 |
|
|
|a MARS
|
| 999 |
f |
f |
|s 8b594545-8b86-3b87-9604-058d3c51adfa
|i d1e0f87e-ba2b-3a1d-bbfa-2f6ec7d57d1a
|t 0
|
| 952 |
f |
f |
|p normal
|a Texas A&M University
|b College Station
|c Sterling C. Evans Library
|d Evans: Library Stacks
|t 0
|e PR2968 .W3
|h Library of Congress classification
|i unmediated -- volume
|m A14801307169
|
| 998 |
f |
f |
|a PR2968 .W3
|t 0
|l Evans: Library Stacks
|